Разработка многофункциональной мебели и создания моделей в трехмерной графике; Молодежь и современные информационные технологии; Т. 2

Bibliografiske detaljer
Parent link:Молодежь и современные информационные технологии: сборник трудов XII Всероссийской научно-практической конференции студентов, аспирантов и молодых ученых, г. Томск, 12-14 ноября 2014 г./ Национальный исследовательский Томский политехнический университет (ТПУ), Институт кибернетики (ИК) ; ред. кол. Е. А. Сикора [и др.].— , 2014
Т. 2.— 2014.— [С. 221-222]
Hovedforfatter: Тоноян С. С. Сурен Самвелович
Institution som forfatter: Национальный исследовательский Томский политехнический университет (ТПУ) Институт кибернетики (ИК) Кафедра инженерной графики и промышленного дизайна (ИГПД)
Andre forfattere: Давыдова Е. М. Евгения Михайловна, Радченко В. Ю. Валерия Юрьевна
Summary:Заглавие с титульного экрана
Sprog:russisk
Udgivet: 2014
Serier:Компьютерная графика и дизайн
Fag:
Online adgang:http://earchive.tpu.ru/handle/11683/20303
http://www.lib.tpu.ru/fulltext/c/2014/C04/V2/104.pdf
Format: MixedMaterials Electronisk Book Chapter
KOHA link:https://koha.lib.tpu.ru/cgi-bin/koha/opac-detail.pl?biblionumber=610929

MARC

LEADER 00000naa2a2200000 4500
001 610929
005 20231214120419.0
035 |a (RuTPU)RU\TPU\conf\8571 
035 |a RU\TPU\conf\8569 
090 |a 610929 
100 |a 20150209d2014 k y0rusy50 ca 
101 0 |a rus 
102 |a RU 
105 |a y z 101zy 
135 |a drgn ---uucaa 
181 0 |a i  
182 0 |a b 
200 1 |a Разработка многофункциональной мебели и создания моделей в трехмерной графике  |f С. С. Тоноян, Е. М. Давыдова, В. Ю. Радченко 
203 |a Текст  |c электронный 
225 1 |a Компьютерная графика и дизайн 
300 |a Заглавие с титульного экрана 
320 |a [Библиогр.: с. 222 (2 назв.)] 
337 |a Adobe Reader 
461 1 |0 (RuTPU)RU\TPU\conf\7802  |t Молодежь и современные информационные технологии  |o сборник трудов XII Всероссийской научно-практической конференции студентов, аспирантов и молодых ученых, г. Томск, 12-14 ноября 2014 г.  |o в 2 т.  |f Национальный исследовательский Томский политехнический университет (ТПУ), Институт кибернетики (ИК) ; ред. кол. Е. А. Сикора [и др.]  |d 2014 
463 0 |0 (RuTPU)RU\TPU\conf\7813  |t Т. 2  |v [С. 221-222]  |d 2014 
610 1 |a труды учёных ТПУ 
610 1 |a электронный ресурс 
610 1 |a разработки 
610 1 |a многофункциональность 
610 1 |a мебель 
610 1 |a трехмерная графика 
700 1 |a Тоноян  |b С. С.  |c специалист в области начертательной геометрии и инженерной графики  |c лаборант Томского политехнического университета  |f 1991-  |g Сурен Самвелович  |3 (RuTPU)RU\TPU\pers\37348 
701 1 |a Давыдова  |b Е. М.  |c специалист в области инженерной графики и начертательной геометрии  |c старший преподаватель Томского политехнического университета  |f 1975-  |g Евгения Михайловна  |3 (RuTPU)RU\TPU\pers\32802  |9 16660 
701 1 |a Радченко  |b В. Ю.  |c специалист в области начертательной геометрии  |c старший преподаватель Томского политехнического университета  |f 1965-  |g Валерия Юрьевна  |3 (RuTPU)RU\TPU\pers\31618 
712 0 2 |a Национальный исследовательский Томский политехнический университет (ТПУ)  |b Институт кибернетики (ИК)  |b Кафедра инженерной графики и промышленного дизайна (ИГПД)  |3 (RuTPU)RU\TPU\col\18737 
801 2 |a RU  |b 63413507  |c 20210323  |g RCR 
856 4 |u http://earchive.tpu.ru/handle/11683/20303 
856 4 |u http://www.lib.tpu.ru/fulltext/c/2014/C04/V2/104.pdf 
942 |c BK